[Event "Donetzk zt"]
[Site "Donetsk"]
[Date "1998.11.11"]
[Round "9"]
[White "Zontakh, Andrey"]
[Black "Romanishin, Oleg M"]
[Result "0-1"]
[WhiteElo "2540"]
[BlackElo "2600"]

1.e4 c5 2.Nf3 e6 3.d4 cxd4 4.Nxd4 a6 5.Nc3 Nc6 6.Be2 Nge7 7.O-O Nxd4 8.Qxd4 Nc6
9.Qd3 Qc7 10.Kh1 Be7 11.f4 b5 12.Qg3 O-O 13.Be3 Bb7 14.a3 Na5 15.Rad1 Nc4
16.Bc1 Rad8 17.Rd3 d5 18.exd5 exd5 19.Rfd1 Bf6 20.Bf3 d4 21.Ne2 Nd6 22.Bxb7 Nxb7
23.b4 Qxc2 24.Qf3 Rfe8 25.Ng3 Nd6 26.f5 Qc8 27.Qg4 Qc6 28.Bg5 Ne4 29.Nxe4 Rxe4
30.Qg3 Bxg5 31.Qxg5 f6 32.Qg3 Qd5 33.Qf3 Qe5 34.g3 Rc8 35.R1d2 h6 36.Kg2 Kh8
37.h4 Rc1 38.Kh3 Rc4 39.Kg2 Kh7 40.Kf2 Kg8 41.Kg2 Kh8 42.Kh3 Kh7 43.Kg2 Rc1
44.Kh3 Rce1 45.Rc2 R1e3 46.Rxe3 Rxe3  0-1

[Event "African Individual"]
[Site "Cairo"]
[Date "1998.11.12"]
[Round "9"]
[White "Adu, Oladapo"]
[Black "Tissir, Mohamed"]
[Result "0-1"]
[WhiteElo "2230"]
[BlackElo "2280"]

1.e4 c5 2.Nf3 e6 3.d4 cxd4 4.Nxd4 a6 5.Nc3 b5 6.Bd3 Bb7 7.O-O Qc7 8.Kh1 Nf6
9.Qe2 Nc6 10.Nxc6 Qxc6 11.Bg5 Be7 12.a3 h6 13.Bh4 g5 14.Bg3 h5 15.Be5 Qc5
16.Bxf6 Bxf6 17.Nd1 Be5 18.Rc1 Qd6 19.c4 bxc4 20.Rxc4 Bxh2 21.Rb4 Rb8 22.Ne3 Bf4
23.Nc4 Qc5 24.e5 Ke7 25.Rxb7 Rxb7 26.b4 Qd4 27.g3 d5 28.Na5 Rc7 29.gxf4 Rc3
30.Rd1 gxf4 31.f3 Rhc8 32.Nb3 Rxb3 33.Bxa6 Qc3 34.Bxc8 Qxc8 35.Qf2 Qc3 36.Qh4+ Kd7
37.Qxf4 Qxf3+ 38.Qxf3 Rxf3 39.a4 Ra3 40.a5 Rb3 41.Rd4 Kc6 42.Kg2 Re3 43.Rf4 Rxe5
44.Rxf7 Rg5+ 45.Kh3 Rg4 46.Re7 Rxb4 47.Rxe6+ Kc5 48.Rh6 Ra4 49.a6 h4 50.Kg2 Ra3
51.Rxh4 Rxa6 52.Kf2 Re6 53.Rh1 d4 54.Re1 Ra6 55.Ke2 Ra2+ 56.Kd3 Ra3+ 57.Kd2 Kc4
58.Rc1+ Rc3 59.Rg1 Rd3+ 60.Ke2 Ra3 61.Rg8 Ra2+ 62.Ke1 Kc3 63.Rc8+ Kd3 64.Rd8 Re2+
65.Kd1 Rh2 66.Ke1 Rh1+ 67.Kf2 Kc3 68.Ke2 Rh2+ 69.Kd1 Kd3 70.Ke1 Rh1+ 71.Kf2 Rd1
72.Rd7 Kc2 73.Ra7 Rb1 74.Rc7+ Kd2 75.Ra7 Rc1 76.Rg7 d3 77.Rg2 Rc2 78.Rg1 Rb2
79.Kf3 Rb7 80.Rg2+ Kc1 81.Ke3 d2 82.Rg1+ Kb2 83.Rd1 Kc3 84.Rg1 Re7+ 85.Kf2 Kb2
86.Rh1 Kc2  0-1

[Event "ISR-ch (Women)"]
[Site "Ramat Aviv"]
[Date "1998.11.12"]
[Round "3.2"]
[White "Yudasina, Irina"]
[Black "Botvinnik, Irina"]
[Result "1-0"]
[WhiteElo "2120"]
[BlackElo "2185"]

1.e4 c5 2.Nf3 e6 3.Nc3 a6 4.d4 cxd4 5.Nxd4 b5 6.Bd3 Qb6 7.Be3 Bc5 8.Nce2 Nf6
9.O-O Ng4 10.Ng3 Nxe3 11.fxe3 Bxd4 12.exd4 Qxd4+ 13.Kh1 Nc6 14.c3 Qc5 15.Nh5 Qg5
16.Be2 O-O 17.Rf4 Ne5 18.Qd4 f6 19.Raf1 Bb7 20.a4 Bc6 21.axb5 axb5 22.Ng3 Ng6
23.Rg4 Qe5 24.Qd2 d5 25.exd5 Bxd5 26.Bxb5 Bxg2+ 27.Qxg2 Qxb5 28.Rb4 Qg5 29.Qe4 Qe5
30.Rb7 Rab8 31.Rxb8 Rxb8 32.Qxe5 Nxe5 33.b4 Rc8 34.Ne2 Kf7 35.Rb1 Nc4 36.Nd4 e5
37.Nb3 f5 38.Rd1 e4 39.Rd7+ Kf6 40.Kg1 Ne5 41.Rd6+ Ke7 42.Rd5 Nf3+ 43.Kf2 Rxc3
44.Nc5 Kf6 45.b5 Rc2+ 46.Ke3 Rb2 47.b6 Nxh2 48.b7 Ng4+ 49.Kd4 e3 50.Kc3 Rb1
51.Rd6+ Ke5 52.Re6+ Kd5 53.Nb3 Kxe6 54.b8=Q Kf6 55.Qf8+ Kg6 56.Nd4 Nf6 57.Kc2 Rf1
58.Kd3 f4 59.Ne6 Rd1+ 60.Ke2 Rd2+ 61.Ke1 f3 62.Qxg7+ Kf5 63.Qg5+ Ke4 64.Nc5+ Kd4
65.Nb3+ Kd3 66.Nxd2  1-0

[Event "BL9899 (Women)"]
[Site "Germany"]
[Date "1998.11.15"]
[Round "4.1"]
[White "Just, Anita"]
[Black "Mai, Iris"]
[Result "0-1"]
[WhiteElo "2090"]
[BlackElo "2165"]

1.e4 c5 2.Nf3 e6 3.d4 cxd4 4.Nxd4 a6 5.Nc3 Qc7 6.Be2 Nf6 7.O-O d6 8.Be3 Be7
9.f4 O-O 10.Qe1 b5 11.a3 Bb7 12.Bf3 Rd8 13.Qg3 Nc6 14.Rad1 Bf8 15.Nxc6 Bxc6
16.Rd2 Qb7 17.Re1 Rdc8 18.Bd4 Nd7 19.Nd1 Nb6 20.Nf2 Nc4 21.Rde2 Kh8 22.Ng4 f6
23.Nf2 e5 24.Bc3 a5 25.Nd3 Bd7 26.Qh4 Be6 27.g4 Bf7 28.g5 fxg5 29.Qxg5 Be7
30.Qg3 Bf6 31.fxe5 Nxe5 32.Nxe5 dxe5 33.Bxe5 Ra6 34.Kh1 Re8 35.Bxf6 Rxf6
36.Bg2 Rg6 37.Qf3 Bc4 38.Rf2 Rf6 39.Qg3 Rg6 40.Qf3 Rf6 41.Qe3 Rh6 42.b3 Be6
43.Ref1 Qe7 44.a4 bxa4 45.bxa4 Rh5 46.Bf3 Re5 47.Qf4 Bg8 48.Rb1 Bc4 49.Qc1 h6
50.Bg2 Qh4 51.Qd2 Rxe4 52.Bxe4 Qxe4+ 53.Kg1 Bd5 54.Rg2 Qxg2+ 55.Qxg2 Bxg2
56.Kxg2 Re4 57.Ra1 Re2+ 58.Kg3 Rxc2 59.h3 Rc4 60.Kf3 g5 61.Ra3 Kg7 62.Kg3 Kg6
63.Kf3 Kf5 64.Kg3 h5 65.Kf3 Rf4+ 66.Kg3 Ke5 67.Ra1 h4+ 68.Kg2 Kd5 69.Rb1 Rb4
70.Rf1 Ke5 71.Re1+ Re4 72.Ra1 Kf5 73.Rf1+ Rf4 74.Ra1 g4 75.hxg4+ Kxg4 76.Ra3 Kf5
77.Kh3 Ke5 78.Ra1 Kd5 79.Rc1 Rxa4 80.Rc8 Rc4 81.Rd8+ Kc5 82.Ra8 Kb4 83.Rb8+ Kc3
84.Ra8 a4 85.Ra7 Kb2 86.Rb7+ Ka2 87.Ra7 a3 88.Ra8 Rb4 89.Rf8 Kb3 90.Rf3+ Ka4
91.Rf2 Rc4 92.Rf8 a2 93.Ra8+ Kb3 94.Rb8+ Rb4 95.Ra8 Kb2  0-1

[Event "BL9899 (Women)"]
[Site "Germany"]
[Date "1998.11.15"]
[Round "4.3"]
[White "Schaefer, Anke"]
[Black "Jahn, Constanze"]
[Result "1/2-1/2"]
[WhiteElo "2170"]
[BlackElo "2175"]

1.e4 c5 2.Nf3 e6 3.d4 cxd4 4.Nxd4 a6 5.Nc3 Qc7 6.g3 Bb4 7.Bd2 Nc6 8.Nxc6 bxc6
9.Qg4 Bf8 10.Bg2 Nf6 11.Qe2 a5 12.Na4 d5 13.Bf4 Qb7 14.b3 Be7 15.exd5 cxd5
16.O-O Bd7 17.Nb2 O-O 18.c4 Bc6 19.Rac1 Rac8 20.Be5 Rfe8 21.Rfd1 Nd7 22.Bc3 Bb4
23.Qd2 Nf6  1/2-1/2

[Event "Cologne op 47th"]
[Site "Cologne"]
[Date "1998.11.19"]
[Round "7"]
[White "Mueller, Michael"]
[Black "Turco, A."]
[Result "1-0"]
[WhiteElo "2315"]
[BlackElo "2135"]

1.e4 c5 2.Nf3 e6 3.Nc3 a6 4.d4 cxd4 5.Nxd4 Qc7 6.Bd3 Nf6 7.O-O b5 8.a3 Bb7
9.Qe2 d6 10.f4 Nbd7 11.Kh1 h5 12.Bd2 Be7 13.Rae1 h4 14.Nf3 Nh5 15.f5 Rc8
16.Ng5 e5 17.Rf3 Qb8 18.Rh3 Rxc3 19.bxc3 Nf4 20.Bxf4 exf4 21.Nf3 Bf6 22.Qd2 Qc7
23.Qxf4 Qxc3 24.Qxd6 Ne5 25.Rf1 Ng4 26.Qb8+ Bc8 27.Qf4 Ne5 28.Nxe5 Bxe5 29.Bxb5+ Ke7
30.Rxc3 Bxf4 31.Rxf4 axb5 32.Kg1 Kd6 33.Kf2 Bd7 34.Ke3 h3 35.g3 b4 36.axb4 Ra8
37.Rf2 Ke7 38.Rd2 Ke8 39.Rc7 Bb5 40.c4  1-0

[Event "Wch Seniors"]
[Site "Grieskirchen"]
[Date "1998.11.20"]
[Round "11"]
[White "Kristiansen, Erling"]
[Black "Bernhoeft, Erhard"]
[Result "0-1"]
[WhiteElo "2260"]
[BlackElo "2115"]

1.e4 c5 2.Nf3 e6 3.Nc3 a6 4.d4 cxd4 5.Nxd4 Qc7 6.Bd3 Nf6 7.O-O Be7 8.Be3 d6
9.f4 Nbd7 10.Qf3 Nc5 11.Rae1 b5 12.e5 Bb7 13.Qg3 Nh5 14.Qg4 g6 15.f5 Nxd3
16.fxe6 Nxe5 17.exf7+ Nxf7 18.Rxf7 Kxf7 19.Bh6 Qc4 20.b3 Nf6 21.Bg5 Qc8 22.Qf4 Rf8
23.Re3 Qc5 24.b4 Qc4 25.Nce2 Qd5 26.Nf3 Rac8 27.Ned4 Rc4 28.c3 Rxd4 29.cxd4 Qf5
30.Qh4 h5 31.h3 Qb1+ 32.Re1 Qxa2 33.Qf4 Qd5 34.Re2 Qf5 35.Qe3 Ne4 36.Bxe7 Kxe7
37.d5 Bxd5 38.Nd2 Ke6 39.Qd3 Ke5 40.Qc3+ Ke6 41.Qd3 Kd7 42.Nxe4 Bxe4 43.Rxe4 Re8  0-1

[Event "Sisak"]
[Site "Sisak"]
[Date "1998.11.20"]
[Round "1"]
[White "Balenovic, Zvonimir"]
[Black "Berezjuk, Sergej"]
[Result "1/2-1/2"]
[WhiteElo "2285"]
[BlackElo "2410"]

1.e4 c5 2.Nf3 e6 3.d4 cxd4 4.Nxd4 a6 5.Nc3 b5 6.g3 Bb7 7.Bg2 b4 8.Na4 Nf6
9.Qe2 d6 10.O-O Nbd7 11.c4 e5 12.Nf5 g6 13.Nh6 Bc6 14.b3 Bxa4 15.bxa4 Nc5
16.Bg5 Ne6 17.Bxf6 Qxf6 18.Ng4 Qd8 19.Qd2 Rb8 20.Rab1 h5 21.Ne3 Bh6 22.Rxb4 Rxb4
23.Qxb4 Bxe3 24.fxe3 O-O 25.h4 Nc5 26.a5 Qe7 27.Qb6 Kg7 28.Rd1 Rd8 29.Kh2 f5
30.exf5 gxf5 31.Bf3 Kg6 32.Rd5 Qf6 33.Bxh5+ Kxh5 34.Rxc5 Rg8 35.Qb7 Rxg3
36.Qh7+ Kg4 37.Qg8+ Kh5 38.Qxg3 dxc5 39.Kh3 f4 40.Qf3+ Kh6 41.exf4 exf4 42.Kg4 Qe6+
43.Kxf4 Qxc4+ 44.Kg3 Qg8+ 45.Qg4 Qxg4+ 46.Kxg4 c4 47.Kf4 Kh5 48.Ke4 Kxh4
49.Kd4 Kg5 50.Kxc4 Kf5 51.Kc5 Ke6 52.Kc6 Ke7 53.Kb6 Kd7 54.Kxa6 Kc8  1/2-1/2

[Event "AMEBS"]
[Site "La Plata"]
[Date "1998.11.22"]
[Round "1"]
[White "Van Riemsdijk, Herman C"]
[Black "Panno, Oscar"]
[Result "1/2-1/2"]
[WhiteElo "2405"]
[BlackElo "2465"]

1.e4 c5 2.Nf3 e6 3.d4 cxd4 4.Nxd4 a6 5.Nc3 Qc7 6.g3 Bb4 7.Ne2 Nf6 8.Bg2 Be7
9.Nf4 Nc6 10.g4 d6 11.g5 Nd7 12.Nd3 b5 13.f4 Nb6 14.Be3 Nc4 15.Bf2 Qa5 16.Qc1 h6
17.gxh6 Rxh6 18.O-O Bb7 19.Ne2 Qd2 20.Qxd2 Nxd2 21.Rfd1 Nc4 22.b3 Na3  1/2-1/2

[Event "Wch U20 Girls"]
[Site "Calicut"]
[Date "1998.11.25"]
[Round "8"]
[White "Ciuksyte, Zivile"]
[Black "Ratcu, Tatiana"]
[Result "0-1"]
[WhiteElo "2120"]
[BlackElo "2195"]

1.e4 c5 2.Nf3 e6 3.Nc3 a6 4.d4 cxd4 5.Nxd4 Qc7 6.Be2 Nf6 7.O-O Be7 8.Nb3 b5
9.Bf3 Nc6 10.g3 Bb7 11.Bg2 O-O 12.f4 d6 13.Be3 Rac8 14.Rc1 Rfe8 15.Qe2 Na5
16.Nxa5 Qxa5 17.e5 Bxg2 18.Kxg2 dxe5 19.fxe5 Nd7 20.Qh5 Rf8 21.Rcd1 Qc7 22.Bf4 b4
23.Ne2 Qxc2 24.Qf3 Nb6 25.Rd2 Qc6 26.Qxc6 Rxc6 27.Nd4 Rc7 28.Rc2 Rxc2+ 29.Nxc2 Nd5
30.Bd2 Rc8 31.Rc1 Rc4 32.b3 Rc7 33.Kf3 Kf8 34.Ke2 Nc3+ 35.Bxc3 Rxc3 36.Kd2 Bg5+  0-1

[Event "Wch U20 Girls"]
[Site "Calicut"]
[Date "1998.11.27"]
[Round "10"]
[White "Ghate, Swati"]
[Black "Ratcu, Tatiana"]
[Result "1-0"]
[WhiteElo "2190"]
[BlackElo "2195"]

1.e4 c5 2.Nf3 e6 3.d4 cxd4 4.Nxd4 a6 5.Nc3 Qc7 6.g3 Nf6 7.Bg2 Bb4 8.Ne2 Be7
9.O-O Nc6 10.h3 d6 11.a4 Rb8 12.Bf4 O-O 13.g4 b5 14.axb5 axb5 15.Qd3 Nb4
16.Qd2 Rd8 17.Ng3 Nc6 18.g5 Nd7 19.Be3 Nde5 20.b3 b4 21.Nce2 d5 22.exd5 exd5
23.f4 d4 24.Bf2 Ng6 25.Nh5 Bf5 26.Nhg3 Bc8 27.Nh5 Bf5 28.Neg3 Nh4 29.Nxf5 Nxf5
30.Be4 Nd6 31.Bd3 Qd7 32.Kh2 Nf5 33.Qe2 g6 34.Ng3 Nxg3 35.Bxg3 Re8 36.Qf3 Bd6
37.Ra6 Ne7 38.Rxd6 Qxd6 39.f5 Qc6 40.Be4 Qc3 41.fxg6 Qxf3 42.gxh7+ Kh8 43.Rxf3 Rb5
44.Rxf7 Nd5 45.Be5+  1-0

[Event "Wch U20 Girls"]
[Site "Calicut"]
[Date "1998.11.28"]
[Round "11"]
[White "Jackova, Jana"]
[Black "Ratcu, Tatiana"]
[Result "1/2-1/2"]
[WhiteElo "2205"]
[BlackElo "2195"]

1.e4 c5 2.Nf3 e6 3.Nc3 a6 4.d4 cxd4 5.Nxd4 Qc7 6.Bd3 Nf6 7.O-O Be7 8.a4 O-O
9.Kh1 d6 10.a5 Nc6 11.Nb3 Ne5 12.Na4 Nfd7 13.f4 Nxd3 14.cxd3 b5 15.axb6 Nxb6
16.Nc3 Rb8 17.Be3 Nd7 18.Rf2 Nf6 19.Na5 Bd7 20.Nc4 d5 21.Ne5 Qb7 22.f5 dxe4
23.dxe4 Rfd8 24.Qf3 exf5 25.Nxd7 Qxd7 26.exf5 Qd3 27.Rd2 Qc4 28.Rad1 Rxd2
29.Rxd2 h6 30.h3 Re8 31.Bd4 Bd8 32.Qd1 Bc7 33.b3 Qc6 34.Bxf6 Qxf6 35.Nd5 Qe5
36.Nxc7 Qxc7 37.f6 Qg3 38.Rd8 Rxd8 39.Qxd8+ Kh7 40.fxg7 Kxg7 41.Qd4+  1/2-1/2

[Event "Iona Tech Masters"]
[Site "Kilkenny"]
[Date "1998.11.29"]
[Round "5"]
[White "Heidenfeld, Mark"]
[Black "Bellin, Jana"]
[Result "1-0"]
[WhiteElo "2335"]
[BlackElo "2170"]

1.e4 c5 2.Nf3 e6 3.d4 cxd4 4.Nxd4 a6 5.Nc3 Qc7 6.g3 Bb4 7.Ne2 Nf6 8.Bg2 Be7
9.O-O Nc6 10.b3 O-O 11.Bb2 Rb8 12.h3 b5 13.f4 d6 14.g4 b4 15.Na4 d5 16.e5 Ne4
17.Qd3 Bb7 18.Ng3 Nxg3 19.Qxg3 f6 20.exf6 Bxf6 21.Qe3 Rbe8 22.Bxf6 gxf6 23.Rae1 d4
24.Qd2 Qd6 25.Nb2 Na5 26.Bxb7 Nxb7 27.Re4 Rd8 28.Rd1 Qc5 29.Na4 Qc6 30.Qe2 Nc5
31.Nxc5 Qxc5 32.Rd3 Rfe8 33.Rxe6 Kf7 34.f5 Qd5 35.Rf3 Rxe6 36.fxe6+ Qxe6
37.Qd2 Kg6 38.Qxb4 Qe2 39.Rf2 Qe3 40.Qa5 Rd6  1-0

[Event "National Congress 29th"]
[Site "Philadelphia"]
[Date "1998.11.29"]
[Round "5"]
[White "Shabalov, Alexander"]
[Black "Stripunsky, Alexander"]
[Result "1/2-1/2"]
[WhiteElo "2645"]
[BlackElo "2520"]

1.e4 c5 2.Nf3 e6 3.d4 cxd4 4.Nxd4 a6 5.Nc3 Qc7 6.Bd3 Nc6 7.Be3 Nf6 8.O-O Bd6
9.f4 Bc5 10.Nf5 Bxe3+ 11.Nxe3 d6 12.Kh1 b6 13.Qf3 Bb7 14.Qg3 O-O 15.Qh4 Rfd8
16.Rf3 Ne7 17.f5 exf5 18.Nxf5 Nxf5 19.Rxf5 Nd7 20.Qe7 Rf8 21.Nd5 Bxd5 22.Rxd5 Ra7
23.Qxd6 Nc5 24.b4 Nxd3 25.cxd3 Rc8 26.h3 h6 27.a4 Rb7 28.Ra2 Qxd6 29.Rxd6 Rc1+
30.Kh2 Rb1 31.Rd4 Rc7 32.Rf2 Ra1 33.b5 axb5 34.axb5 Rb1 35.Rd8+ Kh7 36.Rd5 f6
37.d4 Re1 38.e5 fxe5 39.dxe5 Rc5 40.Rxc5 bxc5 41.Rc2 Rxe5 42.Rc4 Kg6 43.Kg3 Kf5
44.b6 Ke6 45.b7 Re3+  1/2-1/2

[Event "NRW-Liga I 9899"]
[Site "GER"]
[Date "1998.12.03"]
[Round "3"]
[White "Wessels, Marco"]
[Black "Kassebaum, Roman"]
[Result "0-1"]
[WhiteElo "2270"]
[BlackElo "2320"]

1.e4 c5 2.Nf3 e6 3.d4 cxd4 4.Nxd4 a6 5.Nc3 Qc7 6.Bd3 d6 7.f4 Nf6 8.Qf3 Nbd7
9.a4 b6 10.O-O Bb7 11.Kh1 Be7 12.Bd2 h5 13.h3 h4 14.Rae1 Rc8 15.f5 Ne5 16.Qf2 Qd7
17.fxe6 fxe6 18.Nde2 Bd8 19.Be3 Nc4 20.Bc1 Nh5 21.Kh2 Bf6 22.Bxc4 Rxc4 23.Qxb6 O-O
24.Qe3 d5 25.Kh1 d4 26.Qd3 Qc6 27.Nb1 Rxc2 28.Nd2 e5 29.Qf3 Rxd2 30.Bxd2 Qxe4
31.Qxe4 Bxe4 32.Kg1 Bd3 33.Rf3 Bg6 34.Rb3 e4 35.Rb4 e3 36.Bc1 d3 37.Bxe3 dxe2
38.Rxe2 Ng3 39.Re1 Rc8 40.Bf2 Rc2 41.Rf4 Ne2+ 42.Rxe2 Rxe2 43.Bxh4 Bxh4 44.Rxh4 Rxb2  0-1

[Event "Young Masters 6th"]
[Site "Loures"]
[Date "1998.12.06"]
[Round "5"]
[White "Carvalho, Alda"]
[Black "Kovacevic, Slobodan"]
[Result "0-1"]
[WhiteElo "2110"]
[BlackElo "2420"]

1.e4 c5 2.Nf3 e6 3.d4 cxd4 4.Nxd4 a6 5.Nc3 Qc7 6.Be3 b5 7.a3 Bb7 8.Bd3 Nf6
9.O-O d6 10.f4 Nbd7 11.Qe2 Be7 12.Kh1 O-O 13.Rad1 Rac8 14.Bc1 Rfe8 15.Rf3 g6
16.Rg3 Bf8 17.Re1 Bg7 18.Qf2 Nh5 19.Rh3 Bxd4 20.Qxd4 Nxf4 21.Bxf4 e5 22.Qf2 exf4
23.Qh4 Nf8 24.Qxf4 Re5 25.Rf1 Qe7 26.Rhf3 Rc7 27.Qd2 Qg5 28.Qf2 Ree7 29.h4 Qe5
30.Rh3 h5 31.Rg3 Nh7 32.Qf3 Re6 33.Qe3 Rce7 34.Rgf3 Kg7 35.Qf2 Rf6 36.Kg1 Ree6
37.Qe2 Rxf3 38.Qxf3 Nf6 39.Qf4 Qd4+ 40.Kh1 Re7 41.Rd1 Ng4 42.Rd2 Qc5 43.Re2 Re6
44.Qg3 Qd4 45.Re1 Bc6 46.Rf1 Rf6 47.Rf3 Ba8 48.Rxf6 Qxf6 49.Kg1 Bc6 50.Kh1 Qd4
51.Qf3 Qe5 52.g3 f5 53.Kg2 Nf6 54.Qe3 fxe4 55.Qa7+ Kh6 56.Qe3+ g5 57.Be2 Kg6
58.Qb6 Qc5 59.Qxa6 e3+ 60.Bf3 e2 61.Nxe2 Ng4  0-1

[Event "Carlos Torre op 11th"]
[Site "Merida"]
[Date "1998.12.17"]
[Round "3"]
[White "Hernandez, Gilberto"]
[Black "Juarez Flores, Carlos A"]
[Result "1/2-1/2"]
[WhiteElo "2520"]
[BlackElo "2425"]

1.e4 c5 2.Nc3 e6 3.Nf3 a6 4.d4 cxd4 5.Nxd4 Qc7 6.g3 b5 7.Bg2 Bb7 8.O-O d6
9.Re1 b4 10.Na4 Nf6 11.a3 bxa3 12.Rxa3 Nbd7 13.Bd2 Qc4 14.Bg5 Be7 15.b3  1/2-1/2

[Event "Marshall CC Winter"]
[Site "New York"]
[Date "1998.12.17"]
[Round "6"]
[White "Ady, Jonathan James"]
[Black "Stripunsky, Alexander"]
[Result "1-0"]
[WhiteElo "2395"]
[BlackElo "2520"]

1.e4 c5 2.Nf3 e6 3.d4 cxd4 4.Nxd4 a6 5.Nc3 Qc7 6.g3 Bb4 7.Bd2 Nf6 8.Bg2 h6
9.O-O Bc5 10.Be3 d6 11.Na4 Ba7 12.c4 Bd7 13.Rc1 O-O 14.Nc3 Nc6 15.Nd5 Qd8
16.Nxc6 Bxc6 17.Bxa7 Rxa7 18.Qd4 Ra8 19.Nb6 Rb8 20.Rfe1 Ng4 21.c5 dxc5 22.Qxc5 Ne5
23.Red1 Qf6 24.f4 Ng6 25.e5 Qf5 26.Qc2 Qg4 27.Rd6 f6 28.exf6 Rxf6 29.Bxc6 Nxf4
30.Bg2 Ne2+ 31.Kh1 Rf2 32.Qc4 Qh5 33.Rxe6 Kh8 34.Re1 Nxg3+ 35.Kg1 Rxg2+ 36.Kxg2 Nf5
37.Qe2 Qg5+ 38.Kh1 Qh4 39.Qg2 Rd8 40.R6e4 Qh5 41.Qg4  1-0

[Event "Gudmundur Arason op 4th"]
[Site "Hafnarfjordur"]
[Date "1998.12.18"]
[Round "5"]
[White "Gunnarsson, Jon Viktor"]
[Black "Karason, Askell O"]
[Result "1-0"]
[WhiteElo "2445"]
[BlackElo "2270"]

1.e4 c5 2.Nf3 e6 3.d4 cxd4 4.Nxd4 a6 5.Nc3 Qc7 6.g3 Nc6 7.Nde2 h5 8.Bg2 h4
9.O-O Nf6 10.Bf4 Qa5 11.gxh4 Rxh4 12.Bg3 Rh8 13.Nf4 Qg5 14.Nfd5 exd5 15.exd5 Bc5
16.Na4 Nd4 17.Nxc5 Nf5 18.Qe1+ Kf8 19.Qb4 d6 20.Ne4 Nxe4 21.Bxe4 Kg8 22.Bxf5 Bxf5
23.Rfe1 Bxc2 24.Qxd6 Kh7 25.Re5 Qg6 26.Qb4 Rhd8 27.Qh4+ Kg8 28.Rh5 f6 29.d6 Qe4
30.Qh3 Kf7 31.Rc5 Ba4 32.Rc7+ Kg8 33.Re7 Qf3 34.Qe6+ Kh8 35.Qf7 Rg8 36.Qc4 Be8
37.Qh4+ Bh5 38.d7 g5 39.Qd4 Bg4 40.Rf7 Bh3 41.Qxf6+ Qxf6 42.Rxf6 Bxd7 43.Rd1 Bc6
44.Be5 Kh7 45.Rdd6 Rge8 46.Rh6+ Kg8 47.Rdg6+  1-0

[Event "Oxford Grandmasters 'A'"]
[Site "Oxford"]
[Date "1998.12.18"]
[Round "5"]
[White "Hector, Jonny"]
[Black "Rowson, Jonathan"]
[Result "1-0"]
[WhiteElo "2510"]
[BlackElo "2495"]

1.e4 c5 2.Nf3 e6 3.d4 cxd4 4.Nxd4 a6 5.Nc3 b5 6.Bd3 Qb6 7.Nf3 Nc6 8.e5 f5
9.O-O Bc5 10.a3 Nge7 11.b4 Bd4 12.Nxd4 Qxd4 13.Bb2 Qh4 14.Re1 O-O 15.g3 Qh6
16.f4 Bb7 17.Bf1 Rad8 18.Qd6 g5 19.Bc1 Ng6 20.Bg2 Qg7 21.Kh1 Ba8 22.a4 bxa4
23.Nxa4 Rb8 24.Nc5 Nxb4 25.Bxa8 Nxc2 26.Nxd7 Rxa8 27.Qxe6+ Kh8 28.Bb2 Nxe1
29.Qb3 Nd3 30.Qxd3 Rfd8 31.Rd1 Ra7 32.Qc2 Rb7 33.Bc3 Rc7 34.Rd3 Rdxd7 35.Rxd7 Qxd7
36.e6+ Rxc3 37.exd7 Rxc2 38.d8=Q+ Kg7 39.Qxg5 Rc1+ 40.Kg2 Rc5 41.Qd8 Rb5
42.Qc8 Kh6 43.Qxa6 Rb2+ 44.Kh3 Rb8 45.Qa7 Rf8 46.Kg2 Rf6 47.h4  1-0

[Event "Clichy"]
[Site "Clichy"]
[Date "1998.12.19"]
[Round "8"]
[White "Lamoureux, Charles"]
[Black "Prusikin, Mikhajlo"]
[Result "0-1"]
[WhiteElo "2395"]
[BlackElo "2475"]

1.e4 c5 2.Nf3 e6 3.d4 cxd4 4.Nxd4 a6 5.Nc3 b5 6.Bd3 Bb7 7.O-O Ne7 8.Be3 Ng6
9.Nb3 Be7 10.f4 O-O 11.Qh5 Nc6 12.Rf3 Re8 13.Rh3 Nf8 14.Nc5 Bxc5 15.Bxc5 d6
16.e5 g6 17.Qh6 dxc5 18.Ne4 Nxe5 19.fxe5 Bxe4 20.Bxe4 Qd4+ 21.Re3 Rad8 22.Rf1 Re7
23.h4 c4 24.h5 Red7 25.Kh1 Qc5 26.hxg6 fxg6 27.Ref3 Qe7 28.b3 Rd4 29.Rf4 c3
30.Kh2 b4 31.R1f3 a5 32.Rf1 Qg7 33.Qxg7+ Kxg7 34.Rf7+ Kg8 35.Bd3 Nd7 36.Bc4 Nxe5
37.Ra7 Nxc4 38.Rff7 Ne5 39.Rg7+ Kf8 40.Rxh7 R4d7  0-1

[Event "Skopje op"]
[Site "Skopje"]
[Date "1998.12.19"]
[Round "8"]
[White "Kizov, Vladimir"]
[Black "Colovic, Aleksandar"]
[Result "1/2-1/2"]
[WhiteElo "2230"]
[BlackElo "2390"]

1.e4 c5 2.Nf3 e6 3.d4 cxd4 4.Nxd4 a6 5.Nc3 b5 6.Bd3 Qb6 7.Nde2 Bb7 8.O-O d6
9.a4 b4 10.a5 Qc7 11.Na4 Nd7 12.Be3  1/2-1/2

[Event "Gudmundur Arason op 4th"]
[Site "Hafnarfjordur"]
[Date "1998.12.22"]
[Round "9"]
[White "Gunnarsson, Jon Viktor"]
[Black "Yemelin, Vasily"]
[Result "1/2-1/2"]
[WhiteElo "2445"]
[BlackElo "2510"]

1.e4 c5 2.Nf3 e6 3.d4 cxd4 4.Nxd4 a6 5.Nc3 Qc7 6.g3 Bb4 7.Ne2 Nf6 8.Bg2 Be7
9.O-O O-O 10.h3 d6 11.a4 Nc6 12.g4 Rb8 13.g5 Nd7 14.f4 b5 15.axb5 axb5 16.f5 b4
17.Nb1 Nce5 18.Nd4 Bb7 19.Bf4 Nc6 20.fxe6 Nxd4 21.exf7+ Rxf7 22.Qxd4 Rbf8
23.Bg3 Qxc2 24.Rxf7 Rxf7 25.Qxb4 Nc5 26.Na3 Qd3 27.Qc3 Qxc3 28.bxc3 Nxe4
29.Bxe4 Bxe4 30.Nb5 Rf3 31.Kh2 Rd3 32.Bf4 d5 33.Ra8+ Kf7 34.Ra7 Kf8 35.Ra8+ Kf7
36.Ra7 Kf8 37.Ra8+  1/2-1/2

[Event "Groningen op"]
[Site "Groningen"]
[Date "1998.12.24"]
[Round "5"]
[White "Middelburg, Tom"]
[Black "Schlosser, Philipp"]
[Result "1/2-1/2"]
[WhiteElo "2230"]
[BlackElo "2505"]

1.e4 c5 2.Nf3 e6 3.d4 cxd4 4.Nxd4 a6 5.Nc3 d6 6.Be2 b5 7.a4 b4 8.Na2 Bb7
9.Bf3 Nf6 10.e5 Bxf3 11.Qxf3 Nd5 12.exd6 Bxd6 13.c4 bxc3 14.Nxc3 O-O 15.Nxd5 exd5
16.Be3  1/2-1/2

[Event "Ambassador op"]
[Site "Bern"]
[Date "1998.12.29"]
[Round "6"]
[White "Berset, Philippe"]
[Black "Kaenel, Hansjuerg"]
[Result "0-1"]
[WhiteElo "2185"]
[BlackElo "2395"]

1.e4 c5 2.Nf3 e6 3.Nc3 a6 4.d4 cxd4 5.Nxd4 Qc7 6.g3 b5 7.Bg2 Bb7 8.O-O b4
9.Na4 Nc6 10.c3 Nf6 11.cxb4 Bxb4 12.a3 Be7 13.Be3 Nxd4 14.Qxd4 e5 15.Qd3 O-O
16.Rac1 Qa5 17.Nb6 Rad8 18.Rfd1 Bc6 19.b4 Qb5 20.Qc2 Ng4 21.Bf1 Nxe3 22.Bxb5 Nxc2
23.Rxc2 axb5  0-1

[Event "Groningen op"]
[Site "Groningen"]
[Date "1998.12.30"]
[Round "10"]
[White "Wiersma, Eelke"]
[Black "Vehi Bach, Victor Manuel"]
[Result "0-1"]
[WhiteElo "2355"]
[BlackElo "2390"]

1.e4 c5 2.Nf3 e6 3.d4 cxd4 4.Nxd4 a6 5.Nc3 b5 6.Bd3 Qb6 7.Nb3 Qc7 8.f4 Bb7
9.Qf3 Nf6 10.O-O d6 11.Bd2 Nbd7 12.f5 exf5 13.Qxf5 g6 14.Qg5 Bg7 15.a4 b4
16.Ne2 O-O 17.Qa5 Qxa5 18.Nxa5 Bxe4 19.Bxb4 Rfe8 20.Nc3 Bxd3 21.cxd3 Nc5
22.Bxc5 dxc5 23.h3 Nh5 24.Nc4 Rad8 25.Rf3 f5 26.Raf1 Rd4 27.Kf2 Nf4 28.Rd1 Red8
29.Na5 Nxd3+ 30.Kf1 Ne5  0-1

[Event "Aarhus Masters op"]
[Site "Aarhus"]
[Date "1998.??.??"]
[Round "4"]
[White "Rewitz, Poul"]
[Black "Holst, Allan"]
[Result "1-0"]
[WhiteElo "2335"]
[BlackElo "2365"]

1.e4 c5 2.Nf3 e6 3.Nc3 a6 4.d4 cxd4 5.Nxd4 Nc6 6.Be3 Nge7 7.f4 b5 8.Bd3 Nxd4
9.Bxd4 Nc6 10.Be3 Be7 11.Qf3 Bb7 12.O-O-O Qc7 13.g4 d6 14.Kb1 O-O-O 15.Qf2 Rd7
16.a4 b4 17.Nd5 exd5 18.exd5 Nd8 19.Bb6 Qb8 20.Bf5 Ba8 21.a5 Nb7 22.Qe2 g6
23.Bxd7+ Kxd7 24.g5 h5 25.Qxa6 Nc5 26.Qb5+ Kc8 27.Rhe1 Qb7 28.Qxb4 Qd7 29.Re3 Rg8
30.Rde1 Bd8 31.Bxd8 Rxd8 32.Re7 Qa4 33.Qxa4 Nxa4 34.c4 Nc5 35.Rxf7 Bb7 36.f5 gxf5
37.g6 Ba6 38.g7 Bxc4 39.Rd1 Bd3+ 40.Rxd3 Nxd3 41.a6  1-0

[Event "UKR-chT"]
[Site "Alushta"]
[Date "1998.??.??"]
[Round "?"]
[White "Stets, Dmitry"]
[Black "Gaponenko, Inna"]
[Result "1-0"]
[WhiteElo "2420"]
[BlackElo "2365"]

1.e4 c5 2.Nf3 e6 3.d4 cxd4 4.Nxd4 a6 5.Nc3 Qc7 6.Bd3 Nf6 7.O-O d6 8.Qe2 Nbd7
9.Kh1 Be7 10.f4 O-O 11.Bd2 Re8 12.Rae1 e5 13.Nf5 Bf8 14.g4 Nc5 15.fxe5 Rxe5
16.Bf4 Re8 17.Qf3 Be6 18.Qg3 Qc6 19.Nd4 Qb6 20.Nxe6 fxe6 21.Be3 Qxb2 22.Bxc5 Qxc3
23.e5 Qxc5 24.exf6 gxf6 25.Qh4 Re7 26.Rxf6 e5 27.g5 Rg7 28.Rh6 e4 29.Bxe4 Be7  1-0

[Event "AUT-chT2W 9798"]
[Site "Austria"]
[Date "1998.??.??"]
[Round "9"]
[White "Grabher, Heinz"]
[Black "Ferrari, Josef"]
[Result "1-0"]
[WhiteElo "2260"]
[BlackElo "2125"]

1.e4 c5 2.Nf3 e6 3.d4 cxd4 4.Nxd4 a6 5.Nc3 Qc7 6.g3 Bb4 7.Qd3 Nc6 8.Nxc6 Qxc6
9.Bg2 Nf6 10.O-O e5 11.Nd5 Bc5 12.b4 Ba7 13.c4 d6 14.Bb2 Be6 15.c5 Bxd5 16.exd5 Qb5
17.Qxb5+ axb5 18.a4 O-O 19.axb5 dxc5 20.Bxe5 cxb4 21.Bd6 Rfe8 22.Bxb4 Ng4
23.Ra2 Ne5 24.Rd1 Ng4 25.d6 Bxf2+ 26.Rxf2 Nxf2 27.Kxf2 Ra2+ 28.Kg1 Ree2 29.Bxb7  1-0

[Event "Bayern-ch Bank Hofmann 2nd"]
[Site "Bad Wiesse"]
[Date "1998.??.??"]
[Round "4"]
[White "Wimmer, Herbert"]
[Black "Caoili, Arianne"]
[Result "1-0"]
[WhiteElo "2225"]
[BlackElo "2050"]

1.e4 c5 2.Nf3 e6 3.d4 cxd4 4.Nxd4 a6 5.Nc3 b5 6.Bd3 Qb6 7.Nb3 Qc7 8.O-O Nf6
9.Qe2 d6 10.a4 b4 11.Na2 Nc6 12.Bd2 Qb7 13.f4 Nd7 14.Rae1 Be7 15.e5 dxe5
16.fxe5 Qb6+ 17.Be3 Qc7 18.Bf4 O-O 19.Kh1 Nb6 20.Bxh7+ Kxh7 21.Qh5+ Kg8 22.Rf3 Qd8
23.Rh3 f5 24.Qh7+ Kf7 25.Qh5+ g6 26.Qh7+ Ke8 27.Qxg6+ Kd7 28.Rd3+ Nd5 29.Rxd5+  1-0